000 00669nam a2200229 i 4500
001 74771
003 ES-MaACL
005 20250812223947.0
007 t|
008 040921s1986 sp ||||1| spa d
020 _a84-335-1740-6
100 1 _aGracia Guillén, Diego.
_9138825
245 1 0 _aVoluntad de verdad
_b: para leer a Zubiri /
_cDiego Gracia.
250 _a1ª ed.
260 _aBarcelona :
_bLabor,
_c1986.
300 _aXVI, 268 p. ;
_c22 cm.
490 1 _aLabor universitaria. Monografías
500 _aIndices.
830 0 0 _aColección Labor universitaria
_9178634
852 _aES-MaACL
_jL-11662
_bR.113289
999 _c74771
_d74771